000 00370 a2200169 4500
001 185005
020 _a85-04-00689-1
040 _cMagnum
100 _aGontijo, Avelar Solange
240 1 0 _aAs macaquices do Neco
_lpor
245 1 0 _aAs macaquices do Neco
300 _a12
362 0 _a2004
440 1 _aMiguilim
697 _aLITERATURA INFANTIL
942 _cBK
999 _c185005
_d185005